000 00953nam a22002411i 4500
001 000030515
003 RuMoIPM
005 20260507103935.0
008 130416s1962----ur | c rus
040 _aRuMoIPM
_brus
_ercr
041 0 _arus
044 _aru
080 _a510(07)
245 1 _aСборник задач по элементарной математике
_bПособие для самообразования
_cН. П. Антонов, М. Я. Выгодский, В. В. Никитин, А. И. Санкин
250 _a8-е изд., стер.
260 _aМосква
_bФизматгиз
_c1962
300 _a526 с.
_bчерт.
700 1 _aАнтонов, Николай Петрович
_eавт.-сост.
700 1 _aВыгодский, Марк Яковлевич
700 1 _aНикитин, Владимир Васильевич
700 1 _aСанкин, Александр Иосифович
942 _cBK
999 _c30515
_d30515